[Event "Open A Carnevale"]
[Site "Milano ITA"]
[Date "2015.02.21"]
[Round "4"]
[White "Pelizzola, Danilo"]
[Black "Falchi, Claudio"]
[WhiteElo "2053"]
[BlackElo "1852"]
[Result "1-0"]
[PlyCount "207"]
[EventDate "2015.02.18"]

1. e4 e6 2. d4 d5 3. exd5 exd5 4. Bd3 Bd6 5. Nf3 Nc6 6. O-O Nge7 7. Re1 Bg4 8.
c3 Qd7 9. Nbd2 O-O 10. h3 Bf5 11. Nf1 Bxd3 12. Qxd3 Qf5 13. Qxf5 Nxf5 14. Bd2
Rfe8 15. Rad1 Kf8 16. Bg5 Rxe1 17. Rxe1 Re8 18. Rxe8+ Kxe8 19. g4 Nfe7 20. Bxe7
Nxe7 21. Ne1 Kd7 22. Nd3 f5 23. f3 Ke6 24. Ne3 c6 25. Kf2 g6 26. Ke2 Ng8 27.
Kf2 fxg4 28. Nxg4 Nf6 29. Nxf6 Kxf6 30. Ne1 Kf5 31. Ng2 Bf4 32. Ke2 g5 33. Kd1
h5 34. Ne1 b6 35. Kc2 Bd6 36. Ng2 Bg3 37. Kd3 Bf4 38. Kc2 Bg3 39. Kd2 Bf4+ 40.
Ke2 Bd6 41. Kd3 Bf4 42. b3 Bh2 43. Kc2 Bg1 44. Kd1 Bh2 45. Ke2 Bf4 46. Kd3 Bh2
47. Kc2 Bg1 48. a4 Bf2 49. Kd3 c5 50. Ke2 Bg1 51. dxc5 bxc5 52. Kd3 a5 53. c4
d4 54. Ke2 g4 55. fxg4+ hxg4 56. hxg4+ Kxg4 57. Ne1 Bh2 58. Nd3 Bd6 59. b4 cxb4
60. Nc1 Kf4 61. Kd3 Kg5 62. Nb3 Bc7 63. Nxd4 Bb6 64. Nb3 Bd8 65. Nc5 Be7 66.
Nb3 Bd8 67. Nd2 Bc7 68. Nf3+ Kf4 69. Nh4 Kg5 70. Ng2 Bb6 71. Ne1 Kf4 72. Nc2
Ke5 73. Na1 Bc7 74. Nb3 Bd8 75. Kd2 Ke4 76. Kc2 Bb6 77. Nd2+ Kd4 78. Kb3 Kc5
79. Ne4+ Kc6 80. Kc2 Bd4 81. Kd3 Be5 82. Nd2 Bf6 83. Nb3 Bd8 84. Ke4 Bc7 85. c5
Bd8 86. Kd4 Bf6+ 87. Kc4 Bd8 88. Nd4+ Kd7 89. Kb5 Bf6 90. Nb3 Bd8 91. Nd2 Bg5
92. c6+ Kc7 93. Nb3 Bd8 94. Nxa5 Kd6 95. Nb7+ Kc7 96. Kxb4 Kxc6 97. Nxd8+ Kb6
98. Ne6 Ka6 99. a5 Ka7 100. Kb5 Kb7 101. a6+ Ka7 102. Ka5 Kb8 103. Kb6 Ka8 104.
Nc7+ 1-0

[Event "Open A Carnevale"]
[Site "Milano ITA"]
[Date "2015.02.22"]
[Round "4"]
[White "Podetti, Davide"]
[Black "Nepi, Ezio"]
[WhiteElo "1976"]
[BlackElo "1951"]
[Result "0-1"]
[PlyCount "76"]
[EventDate "2015.02.18"]

1. e4 c5 2. Nc3 Nc6 3. g3 g6 4. Bg2 Bg7 5. d3 d6 6. f4 Rb8 7. Nf3 Bg4 8. O-O e6
9. h3 Bxf3 10. Qxf3 Nge7 11. g4 Nd4 12. Qf2 f5 13. Be3 O-O 14. Nd1 b5 15. c3
Ndc6 16. Re1 Qd7 17. Qd2 b4 18. Nf2 bxc3 19. bxc3 Rb5 20. Rab1 Rfb8 21. Rxb5
Rxb5 22. exf5 gxf5 23. Nd1 Bf6 24. Bf2 Rb8 25. Qe2 Rb1 26. Bf3 Nd8 27. Kh1 Qa4
28. Rg1 Kh8 29. Be3 Ra1 30. Qg2 Rxa2 31. Qg3 Ng6 32. gxf5 exf5 33. Bh5 Qc6+ 34.
Bf3 Bh4 35. Bxc6 Bxg3 36. Rxg3 Nxc6 37. Nf2 Rc2 38. c4 a5 0-1

[Event "Open A Carnevale"]
[Site "Milano ITA"]
[Date "2015.02.21"]
[Round "4"]
[White "Vezzosi, Paolo"]
[Black "Motola, Jacopo"]
[WhiteElo "2331"]
[BlackElo "2217"]
[Result "1-0"]
[PlyCount "95"]
[EventDate "2015.02.18"]

1. e4 c5 2. Nf3 Nc6 3. Bb5 e6 4. Bxc6 bxc6 5. O-O d6 6. c3 Ne7 7. d4 cxd4 8.
cxd4 Ng6 9. Nc3 Be7 10. Be3 O-O 11. Rc1 Bd7 12. Qd2 Qc8 13. Ne1 Qa6 14. Nd3
Rfb8 15. f4 f5 16. e5 d5 17. Rc2 Nf8 18. b3 Be8 19. Na4 Nd7 20. Rc3 Rc8 21.
Rfc1 Ba3 22. R1c2 Qb5 23. Qe2 a5 24. Qf1 Nf8 25. Bc1 Be7 26. Ndc5 Qxf1+ 27.
Kxf1 Rcb8 28. Bd2 Kf7 29. Rh3 h6 30. Ke1 Nd7 31. Rhc3 Ra7 32. Nxe6 Nxe5 33.
Nxg7 Nf3+ 34. Rxf3 Kxg7 35. Re3 Bf6 36. Bc3 h5 37. Rce2 Bf7 38. Nc5 Rb5 39. Kd2
Rxc5 40. dxc5 d4 41. Rg3+ Kf8 42. Bb2 a4 43. Rd3 axb3 44. axb3 Ra2 45. Ke1 Ra5
46. Bxd4 Bxd4 47. Rxd4 Rxc5 48. b4 1-0

[Event "Open A Carnevale"]
[Site "Milano ITA"]
[Date "2015.02.22"]
[Round "5"]
[White "D'Alfonso, Nicola"]
[Black "Motola, Jacopo"]
[WhiteElo "2022"]
[BlackElo "2217"]
[Result "0-1"]
[PlyCount "102"]
[EventDate "2015.02.18"]

1. Nf3 Nf6 2. b3 c5 3. Bb2 e6 4. g3 b6 5. Bg2 Bb7 6. O-O Be7 7. e3 O-O 8. d4
cxd4 9. exd4 d5 10. Nc3 Nbd7 11. a3 a6 12. Re1 Rc8 13. Nd2 Qc7 14. Rc1 Qb8 15.
Nf1 Bd6 16. Ne3 b5 17. Na2 Nb6 18. Bf1 Qa8 19. Ng4 Nxg4 20. Qxg4 Nd7 21. Bd3
Nf6 22. Qh3 Rc7 23. f3 Bc8 24. g4 g6 25. Re2 h5 26. Qh4 Be7 27. Qg3 Rc6 28. Nb4
Rb6 29. g5 Ne8 30. Re5 Bd6 31. f4 a5 32. Na2 Ng7 33. Nc3 Bd7 34. f5 Bxe5 35.
Qxe5 b4 36. f6 bxc3 37. fxg7 Rc8 38. Ba1 Qb8 39. Qf6 e5 40. Qf2 e4 41. Be2 Bb5
42. Rf1 Qc7 43. Bxb5 Rxb5 44. a4 Rb7 45. Qe3 Rb6 46. Rf4 Rc6 47. Rh4 Qe7 48.
Rh3 f5 49. gxf6 Qxf6 50. Rg3 Kxg7 51. Rg5 Rf8 0-1

[Event "Open A Carnevale"]
[Site "Milano ITA"]
[Date "2015.02.22"]
[Round "5"]
[White "Mazzoccoli, Simone"]
[Black "Blasco, Domenico"]
[WhiteElo "1735"]
[BlackElo "1879"]
[Result "1/2-1/2"]
[PlyCount "71"]
[EventDate "2015.02.18"]

1. e4 g6 2. d4 Bg7 3. Nc3 a6 4. a4 b6 5. Nf3 d6 6. Be3 Nd7 7. Bd3 e6 8. O-O Ne7
9. Qd2 h6 10. Rfe1 Bb7 11. Rab1 Nf6 12. h3 g5 13. Nh2 e5 14. d5 Ng6 15. g3 Qd7
16. Bf1 O-O 17. b4 Nh5 18. Bg2 Nhf4 19. gxf4 exf4 20. Bd4 Nh4 21. Bxg7 Kxg7 22.
Qd4+ f6 23. Bf1 a5 24. b5 Rae8 25. f3 h5 26. Kf2 Re5 27. Ne2 Bc8 28. Rb3 Qf7
29. Rc3 Kh6 30. Qc4 Re7 31. Nd4 Ng6 32. Ne2 Ne5 33. Qd4 Rfe8 34. Bg2 Ng6 35.
Bf1 Ne5 36. Bg2 1/2-1/2

[Event "Open A Carnevale"]
[Site "Milano ITA"]
[Date "2015.02.22"]
[Round "5"]
[White "Nepi, Ezio"]
[Black "Vezzosi, Paolo"]
[WhiteElo "1951"]
[BlackElo "2331"]
[Result "0-1"]
[PlyCount "118"]
[EventDate "2015.02.18"]

1. d4 Nf6 2. c4 e6 3. g3 c5 4. d5 exd5 5. cxd5 d6 6. Bg2 b5 7. Nf3 Be7 8. O-O
Bb7 9. Nh4 O-O 10. Nf5 Re8 11. a4 b4 12. Nd2 Nbd7 13. Nc4 Ba6 14. b3 Bf8 15.
Bb2 Nb6 16. Nfe3 g6 17. Qc2 Bg7 18. Rad1 Qc7 19. Rfe1 Re7 20. Nxb6 axb6 21. Nc4
Rae8 22. e4 Bxc4 23. Qxc4 Nd7 24. Bxg7 Kxg7 25. f4 Qd8 26. Qc2 f5 27. e5 dxe5
28. d6 Re6 29. Qb2 g5 30. Bd5 gxf4 31. Bxe6 Rxe6 32. Rd3 Qg5 33. Kh1 Kf7 34.
gxf4 Qxf4 35. Qg2 e4 36. Rf1 Qxf1+ 37. Qxf1 exd3 38. Qxf5+ Nf6 39. Qxd3 Ne4 40.
Qf3+ Ke8 41. Qf5 Kd7 42. Qxh7+ Kxd6 43. Qb7 Ke5 44. h4 Kd4 45. Qg7+ Ke3 46. Kg2
Rd6 47. Qf7 Rd2+ 48. Kh3 Rd4 49. Qe7 c4 50. bxc4 b3 51. Qb4 Rd3 52. Kg4 Nf2+
53. Kf5 Nd1 54. Qe1+ Kd4 55. Qb4 Ne3+ 56. Ke6 Nxc4 57. Kf6 b2 58. Qb5 Kc3 59.
h5 Rd1 0-1

[Event "Open A Carnevale"]
[Site "Milano ITA"]
[Date "2015.02.22"]
[Round "5"]
[White "Nordio, Giorgio"]
[Black "Dimitrov, Gabriel Demetrio"]
[WhiteElo "1863"]
[BlackElo "1800"]
[Result "1/2-1/2"]
[PlyCount "61"]
[EventDate "2015.02.18"]

1. c4 c5 2. g3 g6 3. Bg2 Bg7 4. Nc3 Nc6 5. Nf3 e5 6. O-O Nge7 7. d3 O-O 8. Ne1
d6 9. e4 Be6 10. Nc2 f5 11. exf5 gxf5 12. f4 Rb8 13. Re1 d5 14. Na3 dxc4 15.
dxc4 e4 16. Be3 Nd4 17. h3 Qd7 18. g4 fxg4 19. Nxe4 b6 20. Ng5 gxh3 21. Bxd4
Qxd4+ 22. Qxd4 Bxd4+ 23. Kh2 hxg2 24. Nxe6 g1=Q+ 25. Rxg1+ Bxg1+ 26. Rxg1+ Kf7
27. Nxf8 Rxf8 28. Nb5 Rd8 29. Nxa7 Ra8 30. Nb5 Rxa2 31. Rg2 1/2-1/2

[Event "Open A Carnevale"]
[Site "Milano ITA"]
[Date "2015.02.22"]
[Round "5"]
[White "Podetti, Davide"]
[Black "Pelizzola, Danilo"]
[WhiteElo "1976"]
[BlackElo "2053"]
[Result "1/2-1/2"]
[PlyCount "55"]
[EventDate "2015.02.18"]

1. e4 e5 2. Bc4 Nf6 3. Nc3 Nc6 4. d3 Bc5 5. Nf3 d6 6. Be3 Bb6 7. Qd2 Be6 8. Bb3
Qd7 9. O-O-O Bxb3 10. axb3 Bxe3 11. fxe3 O-O-O 12. Rhe1 Rhe8 13. Nd5 Nxd5 14.
exd5 Ne7 15. e4 c6 16. dxc6 Nxc6 17. d4 Qc7 18. d5 Qa5 19. Qxa5 Nxa5 20. Ng5 f6
21. Ne6 Rd7 22. Rd3 b6 23. Rg3 Rg8 24. Rf1 Rf7 25. Ng5 Rc7 26. Ne6 Rf7 27. Ng5
Rc7 28. Ne6 1/2-1/2

[Event "Open A Carnevale"]
[Site "Milano ITA"]
[Date "2015.02.22"]
[Round "5"]
[White "Stergiou, Georgios"]
[Black "Falchi, Claudio"]
[WhiteElo "1864"]
[BlackElo "1852"]
[Result "1/2-1/2"]
[PlyCount "86"]
[EventDate "2015.02.18"]

1. e4 e6 2. d4 d5 3. Nc3 Bb4 4. e5 c5 5. a3 Bxc3+ 6. bxc3 Qa5 7. Bd2 Qa4 8. Qb1
c4 9. h4 Nc6 10. h5 h6 11. g3 b6 12. Bh3 Bd7 13. Ne2 O-O-O 14. Nf4 Nge7 15. O-O
Rdg8 16. Ng2 g6 17. hxg6 fxg6 18. Ne3 h5 19. Qd1 Nf5 20. Nxf5 gxf5 21. Kh2 Be8
22. Qc1 h4 23. Rg1 hxg3+ 24. Rxg3 Na5 25. Rxg8 Rxg8 26. Bg5 Qd7 27. Qe3 Qh7 28.
Rg1 Bh5 29. Rg3 Bd1 30. Qd2 Qh5 31. f4 Bf3 32. Qf2 Be4 33. Re3 Qd1 34. Rxe4
dxe4 35. Qh4 e3 36. Qh7 Rxg5 37. fxg5 e2 38. Bg2 e1=Q 39. Qg8+ Kd7 40. Qf7+ Kd8
41. Qf8+ Kd7 42. Qf7+ Kd8 43. Qf8+ Kd7 1/2-1/2

[Event "Open A Carnevale"]
[Site "Milano ITA"]
[Date "2015.02.22"]
[Round "6"]
[White "Bisignano, Giuseppe"]
[Black "Nordio, Giorgio"]
[WhiteElo "1864"]
[BlackElo "1863"]
[Result "0-1"]
[PlyCount "74"]
[EventDate "2015.02.18"]

1. e4 c6 2. d4 d5 3. Nc3 dxe4 4. Nxe4 Bf5 5. Ng3 Bg6 6. Nf3 Nd7 7. Bd3 Bxd3 8.
Qxd3 Qc7 9. O-O e6 10. Re1 O-O-O 11. Qb3 Ngf6 12. Bd2 Kb8 13. Ng5 Nb6 14. a4
Rxd4 15. a5 Nc8 16. Bc3 Rd5 17. N5e4 Be7 18. a6 b6 19. Nd2 Bc5 20. Nc4 Bd4 21.
Bxd4 Rxd4 22. Ne2 Rdd8 23. Nc3 Nd6 24. Ne5 Nd5 25. Ne2 Rhf8 26. Nd4 Ne7 27. Qf3
Rc8 28. Re3 Ndf5 29. Nxf5 Nxf5 30. Rd3 Nd6 31. Rad1 Rfd8 32. Rc3 c5 33. Rcd3 f6
34. Rxd6 Rxd6 35. Rxd6 fxe5 36. Qd3 c4 37. Qxh7 Qxd6 0-1

[Event "Open A Carnevale"]
[Site "Milano ITA"]
[Date "2015.02.22"]
[Round "6"]
[White "Dimitrov, Gabriel Demetrio"]
[Black "D'Alfonso, Nicola"]
[WhiteElo "1800"]
[BlackElo "2022"]
[Result "0-1"]
[PlyCount "58"]
[EventDate "2015.02.18"]

1. e4 d5 2. exd5 Qxd5 3. Nc3 Qd8 4. d4 g6 5. Nf3 Bg7 6. Bc4 Nf6 7. Ne5 O-O 8.
Be3 Nbd7 9. Qe2 c6 10. O-O-O Qc7 11. f4 b5 12. Bd3 Nxe5 13. fxe5 Nd7 14. h4 h5
15. g4 Nxe5 16. gxh5 Bg4 17. Qg2 Nxd3+ 18. Rxd3 gxh5 19. Rf1 b4 20. Ne4 Qa5 21.
Rf4 f5 22. Nc5 Qxa2 23. Nb3 c5 24. Qd5+ e6 25. Qxe6+ Kh8 26. Qd5 Rac8 27. dxc5
Qxb2+ 28. Kd2 Bc3+ 29. Rxc3 Qxc3+ 0-1

[Event "Open A Carnevale"]
[Site "Milano ITA"]
[Date "2015.02.22"]
[Round "6"]
[White "Falchi, Claudio"]
[Black "Mazzoccoli, Simone"]
[WhiteElo "1852"]
[BlackElo "1735"]
[Result "1-0"]
[PlyCount "67"]
[EventDate "2015.02.18"]

1. e4 c5 2. d3 Nc6 3. Nc3 g6 4. g3 Bg7 5. Bg2 d6 6. f4 e6 7. Nf3 Nge7 8. O-O
O-O 9. Be3 Nd4 10. e5 Nef5 11. Bf2 Nxf3+ 12. Qxf3 Nd4 13. Qd1 dxe5 14. fxe5
Bxe5 15. Na4 f5 16. c3 Nc6 17. Nxc5 f4 18. gxf4 Bxf4 19. Qb3 Qd6 20. Nxb7 Bxb7
21. Qxb7 Bxh2+ 22. Kh1 Ne5 23. Qb4 Nxd3 24. Qxd6 Bxd6 25. Bxa8 Nxf2+ 26. Kg2
Bc5 27. Bf3 g5 28. Be2 g4 29. Bc4 Rf6 30. Rae1 Kf7 31. b4 Bb6 32. a4 a5 33.
Rxe6 Rxe6 34. Re1 1-0

[Event "Open A Carnevale"]
[Site "Milano ITA"]
[Date "2015.02.22"]
[Round "6"]
[White "Motola, Jacopo"]
[Black "Nepi, Ezio"]
[WhiteElo "2217"]
[BlackElo "1951"]
[Result "1-0"]
[PlyCount "143"]
[EventDate "2015.02.18"]

1. e4 c5 2. Nf3 d6 3. d4 cxd4 4. Nxd4 Nf6 5. Nc3 Nc6 6. Be2 e5 7. Nb3 Be7 8.
O-O O-O 9. Kh1 a5 10. Nd2 Nd4 11. Bc4 Be6 12. Bxe6 fxe6 13. Ne2 Nc6 14. f3 d5
15. Ng3 Qc7 16. c3 Rad8 17. Qa4 Nd7 18. Nb3 Nb6 19. Qb5 Nc4 20. Nd2 Ne3 21. Rf2
Na7 22. Qe2 Bc5 23. Nb3 Ng4 24. Nxc5 Qxc5 25. Rf1 Nf6 26. Bg5 Nc6 27. Rad1 h6
28. Bxf6 Rxf6 29. Rd3 d4 30. Rfd1 Qe7 31. Qc2 Rc8 32. Qf2 Rc7 33. Ne2 dxc3 34.
Nxc3 Nd4 35. Qg3 Qc5 36. h3 Kh7 37. Na4 Qb5 38. b3 Rg6 39. Qf2 Rc2 40. R3d2
Rxd2 41. Rxd2 Qc6 42. Nb2 Qc1+ 43. Rd1 Qc7 44. Nd3 Nc6 45. Rc1 Qd6 46. Qe2 Qe7
47. Qe3 Rg3 48. Kh2 Qh4 49. Qf2 Qd8 50. Nc5 Rg6 51. Nxb7 Qd7 52. Nc5 Qf7 53.
Nd3 Nd4 54. Kh1 Qf6 55. Rd1 Nc6 56. a3 Qd8 57. Rd2 Qb8 58. Qc5 Qb7 59. Nxe5
Nxe5 60. Qxe5 Qxb3 61. Qxa5 Qe3 62. Rc2 Qd3 63. Qc3 Qf1+ 64. Kh2 Qa6 65. Rd2
Qb5 66. Qe3 Qe5+ 67. f4 Qa1 68. e5 Qc1 69. Re2 Qc6 70. Qe4 Qc3 71. Re3 Qd2 72.
Rg3 1-0

[Event "Open A Carnevale"]
[Site "Milano ITA"]
[Date "2015.02.22"]
[Round "6"]
[White "Stergiou, Georgios"]
[Black "Podetti, Davide"]
[WhiteElo "1864"]
[BlackElo "1976"]
[Result "0-1"]
[PlyCount "120"]
[EventDate "2015.02.18"]

1. e4 e5 2. Nf3 Nc6 3. d4 exd4 4. Nxd4 Nf6 5. Nxc6 bxc6 6. Bd3 d5 7. e5 Ng4 8.
O-O Bc5 9. Qe2 Qe7 10. Bf4 g5 11. Bd2 Nxe5 12. Re1 f6 13. h3 Bd6 14. c4 Ba6 15.
b3 O-O 16. Nc3 Rae8 17. Be3 d4 18. Bxh7+ Qxh7 19. Bxd4 Bc8 20. c5 Bg4 21. Qf1
Nf3+ 22. gxf3 Bxh3 23. Qc4+ Be6 24. Rxe6 Qh2+ 25. Kf1 Qh3+ 26. Ke2 Qxe6+ 27.
Qxe6+ Rxe6+ 28. Kf1 Be5 29. Bxe5 Rxe5 30. Ne4 Kf7 31. Rd1 Rd5 32. Rc1 Re8 33.
Kg1 Kg6 34. Rc4 f5 35. Ng3 a5 36. Nf1 Ree5 37. b4 axb4 38. Rxb4 Rxc5 39. Rb7
Rc2 40. Ng3 Rxa2 41. Rxc7 Rc2 42. Rd7 Re6 43. Rd8 Rf6 44. Rg8+ Kh7 45. Rxg5 f4
46. Nh5 Rg6 47. Rxg6 Kxg6 48. Nxf4+ Kf5 49. Nd3 c5 50. Kf1 c4 51. Nb4 Rb2 52.
Nc6 Kf4 53. Ke1 c3 54. Kd1 Kxf3 55. Ne5+ Ke4 56. f4 Rf2 57. Kc1 Rxf4 58. Nc6
Kd5 59. Na5 Ra4 60. Nb3 Kc4 0-1

[Event "Open A Carnevale"]
[Site "Milano ITA"]
[Date "2015.02.22"]
[Round "6"]
[White "Vezzosi, Paolo"]
[Black "Pelizzola, Danilo"]
[WhiteElo "2331"]
[BlackElo "2053"]
[Result "1/2-1/2"]
[PlyCount "86"]
[EventDate "2015.02.18"]

1. e4 e5 2. Nf3 Nf6 3. Nxe5 d6 4. Nf3 Nxe4 5. d4 d5 6. Bd3 Nc6 7. O-O Be7 8.
Re1 Bf5 9. c4 O-O 10. Nc3 Nxc3 11. bxc3 Bxd3 12. Qxd3 dxc4 13. Qxc4 Bf6 14. Bf4
Rc8 15. Qb5 Rb8 16. Rad1 a6 17. Qc4 Rc8 18. d5 Na5 19. Qb4 b6 20. c4 Nb7 21.
Qa4 Nc5 22. Qc6 Qd7 23. Qxd7 Nxd7 24. Nd4 Bxd4 25. Rxd4 Rfe8 26. Rxe8+ Rxe8 27.
Kf1 Rc8 28. Re4 Kf8 29. Ke2 Nf6 30. Rd4 Nh5 31. Bd2 f5 32. f3 Kf7 33. Bc3 Re8+
34. Kd3 Nf6 35. Rf4 Kg6 36. Bxf6 Kxf6 37. g4 g6 38. gxf5 gxf5 39. Rh4 Kg6 40.
c5 Re1 41. cxb6 cxb6 42. Kd4 h5 43. Kd3 Rd1+ 1/2-1/2

[Event "Open B Carnevale"]
[Site "Milano ITA"]
[Date "2015.02.18"]
[Round "1"]
[White "Alidosi, Marco"]
[Black "Marcuzzo, Stefano"]
[WhiteElo "1743"]
[BlackElo "1582"]
[Result "1/2-1/2"]
[PlyCount "103"]
[EventDate "2015.02.18"]

1. d4 d5 2. Bf4 Bf5 3. e3 Nf6 4. Nd2 Nbd7 5. Bd3 Bg6 6. Ngf3 e6 7. Qe2 c5 8.
dxc5 Bxc5 9. Bxg6 fxg6 10. Ne5 O-O 11. Nb3 Bd6 12. Nxg6 Bb4+ 13. c3 Bxc3+ 14.
bxc3 hxg6 15. O-O e5 16. Bg5 Rc8 17. Rac1 Nb6 18. Rfd1 e4 19. Nd4 Qd7 20. Qb2
Nc4 21. Qe2 Ng4 22. Bf4 g5 23. Bg3 Nge5 24. Rb1 Nd3 25. Qh5 g4 26. Ne2 Nb6 27.
Rf1 Qf5 28. Qxf5 Rxf5 29. Rb3 g5 30. Nd4 Rf6 31. Nb5 a6 32. Nd6 Rc6 33. Nxb7
Na4 34. Na5 Rxc3 35. Rb8+ Rf8 36. Rxf8+ Kxf8 37. Bd6+ Kf7 38. h3 gxh3 39. gxh3
Ke6 40. Bf8 Rc2 41. a3 Rb2 42. Nc6 Ra2 43. Nb4 Nxb4 44. Bxb4 Nb6 45. Rc1 Nc4
46. Rc3 a5 47. Bf8 a4 48. Bc5 Kf6 49. Kg2 Kg6 50. Kg3 Re2 51. Rc1 Ra2 52. Rc3
1/2-1/2

[Event "Open B Carnevale"]
[Site "Milano ITA"]
[Date "2015.02.18"]
[Round "1"]
[White "Biava, Pierluigi"]
[Black "Calabrese, Maurizio"]
[WhiteElo "1618"]
[BlackElo "1439"]
[Result "1-0"]
[PlyCount "91"]
[EventDate "2015.02.18"]

1. Nf3 Nf6 2. d4 e6 3. c4 d5 4. Nc3 Bb4 5. a3 Bxc3+ 6. bxc3 Nbd7 7. cxd5 Nxd5
8. c4 N5b6 9. c5 Nd5 10. e4 N5f6 11. Qc2 Nf8 12. h4 a5 13. g3 c6 14. Rb1 Ng6
15. h5 Ne7 16. h6 gxh6 17. Bxh6 Rg8 18. Bf4 h5 19. Bd6 b5 20. Ne5 Bb7 21. Be2
Rh8 22. g4 h4 23. Rh3 Nfg8 24. g5 Nc8 25. Nxf7 Kxf7 26. Rf3+ Ke8 27. Rf8+ Kd7
28. Rxd8+ Kxd8 29. Be5 Rh7 30. Bg4 h3 31. f3 a4 32. Qh2 Nce7 33. Bxe6 Bc8 34.
Bxc8 Rxc8 35. Kf2 Ng6 36. Bg3 Ke8 37. f4 Rd8 38. Ke3 Rhd7 39. Rd1 Rh7 40. f5
Nf8 41. Bd6 Nd7 42. e5 Ne7 43. Bxe7 Kxe7 44. e6 Nxc5 45. Qc7+ Nd7 46. exd7 1-0

[Event "Open B Carnevale"]
[Site "Milano ITA"]
[Date "2015.02.18"]
[Round "1"]
[White "Bonghi, Fabrizio"]
[Black "Iacchetti, Giovanni"]
[WhiteElo "1518"]
[BlackElo "1668"]
[Result "1-0"]
[PlyCount "93"]
[EventDate "2015.02.18"]

1. c4 d6 2. d4 f5 3. Nf3 Nf6 4. g3 g6 5. Bg2 Bg7 6. Nc3 O-O 7. O-O c6 8. Bg5 h6
9. Bxf6 Bxf6 10. e4 g5 11. e5 dxe5 12. dxe5 Bg7 13. Qxd8 Rxd8 14. Rad1 Rf8 15.
Rd2 Nd7 16. Rfd1 Nxe5 17. Nxe5 Bxe5 18. Na4 Bf6 19. Nc5 a5 20. Kh1 a4 21. b3
axb3 22. axb3 f4 23. gxf4 gxf4 24. Rg1 Kf7 25. Be4 Bg5 26. Nd3 Bh3 27. Ne5+ Kf6
28. Ng4+ Bxg4 29. Rxg4 Ra1+ 30. Rg1 Rfa8 31. Rd7 Rxg1+ 32. Kxg1 Ke5 33. Bg2
Ra1+ 34. Bf1 b6 35. Rb7 Ra6 36. b4 Kd6 37. c5+ bxc5 38. Bxa6 cxb4 39. Rxb4 Kc5
40. Rb2 Bf6 41. Rb1 e5 42. Bb7 Kd6 43. Rc1 c5 44. Be4 h5 45. f3 h4 46. Rd1+ Kc7
47. Rd5 1-0

[Event "Open B Carnevale"]
[Site "Milano ITA"]
[Date "2015.02.18"]
[Round "1"]
[White "Bossoni, Alessandra"]
[Black "Colica, Daniele"]
[WhiteElo "1483"]
[BlackElo "1657"]
[Result "1/2-1/2"]
[PlyCount "102"]
[EventDate "2015.02.18"]

1. e4 d5 2. exd5 Nf6 3. Nc3 Nxd5 4. Nxd5 Qxd5 5. Nf3 Bg4 6. Be2 Nc6 7. h3 Bh5
8. d4 O-O-O 9. c4 Qe4 10. Be3 e5 11. d5 Bb4+ 12. Kf1 Bxf3 13. Bxf3 Qxc4+ 14.
Qe2 Qxe2+ 15. Kxe2 Nd4+ 16. Bxd4 exd4 17. Rhd1 Rhe8+ 18. Kf1 Bc5 19. Rac1 Bb6
20. b4 Re5 21. a4 a6 22. Rc2 Kb8 23. a5 Ba7 24. Rcd2 f5 25. g3 g5 26. Re2 Rxe2
27. Kxe2 g4 28. hxg4 fxg4 29. Bxg4 Rxd5 30. Kd3 c6 31. Rh1 Rg5 32. Be6 Re5 33.
Bb3 h5 34. Bd1 c5 35. Rxh5 Re1 36. Kd2 Rf1 37. Ke2 Rg1 38. bxc5 Kc7 39. Rd5 Kc6
40. Rxd4 Kxc5 41. Rg4 Kb5 42. Rg5+ Kb4 43. Rg7 Kxa5 44. Rxb7 Bxf2 45. Kxf2 Rxd1
46. Kf3 Rd6 47. Kg4 Rb6 48. Rxb6 Kxb6 49. Kf4 a5 50. Ke4 a4 51. Kd4 Kc6 1/2-1/2

[Event "Open B Carnevale"]
[Site "Milano ITA"]
[Date "2015.02.18"]
[Round "1"]
[White "Cagnotto, Marco"]
[Black "Pipitone, Filippo Massimo"]
[WhiteElo "1686"]
[BlackElo "1545"]
[Result "1-0"]
[PlyCount "57"]
[EventDate "2015.02.18"]

1. e4 c5 2. Nc3 Nc6 3. g3 g6 4. Bg2 Bg7 5. Nge2 d6 6. d3 e6 7. O-O Nge7 8. Bg5
h6 9. Bd2 O-O 10. Qc1 Kh7 11. f4 f5 12. h4 Rb8 13. Bf3 h5 14. Kg2 Ng8 15. Ng1
Nd4 16. Nce2 Nxf3 17. Nxf3 b5 18. Bc3 Nf6 19. Ng5+ Kg8 20. b4 cxb4 21. Bxb4 Ng4
22. e5 dxe5 23. Bxf8 Qd5+ 24. Nf3 Bxf8 25. fxe5 Kf7 26. d4 Qe4 27. Qe1 Ne3+ 28.
Kg1 Nxf1 29. Ng5+ 1-0

[Event "Open B Carnevale"]
[Site "Milano ITA"]
[Date "2015.02.18"]
[Round "1"]
[White "Carli, Federico"]
[Black "Montaruli, Beatrice"]
[WhiteElo "1663"]
[BlackElo "1506"]
[Result "1-0"]
[PlyCount "77"]
[EventDate "2015.02.18"]

1. e4 e5 2. Nf3 Nc6 3. d4 exd4 4. Nxd4 Bc5 5. Be3 Nxd4 6. Bxd4 Bxd4 7. Qxd4 Qg5
8. Nc3 Ne7 9. h4 Qh6 10. Bc4 Nc6 11. Qd5 O-O 12. Bb3 d6 13. Qg5 Qxg5 14. hxg5
Be6 15. O-O-O Na5 16. Rh2 Nxb3+ 17. axb3 f5 18. Rdh1 fxe4 19. Nxe4 Bf5 20. Ng3
Bg6 21. Rf1 Rae8 22. Kd2 Re5 23. f4 Rc5 24. c3 Rb5 25. Kc1 Rxb3 26. f5 Be8 27.
Rfh1 g6 28. Rxh7 gxf5 29. Rh8+ Kf7 30. R1h7+ Kg6 31. Rh6+ Kxg5 32. Rxf8 Kxh6
33. Rxe8 Kg5 34. Rg8+ Kf4 35. Ne2+ Ke5 36. Re8+ Kf6 37. Nd4 Rb6 38. Rf8+ Kg6
39. Rxf5 1-0

[Event "Open B Carnevale"]
[Site "Milano ITA"]
[Date "2015.02.18"]
[Round "1"]
[White "Fantina, Carla"]
[Black "Vece, Luigi"]
[WhiteElo "1340"]
[BlackElo "1614"]
[Result "0-1"]
[PlyCount "52"]
[EventDate "2015.02.18"]

1. c4 Nf6 2. g3 e5 3. Nc3 c6 4. Bg2 d6 5. e4 Be7 6. Nf3 O-O 7. O-O Be6 8. d3 h6
9. h3 Nbd7 10. Kh2 Nh7 11. Be3 f5 12. exf5 Rxf5 13. Ng1 Qf8 14. f4 Qf7 15. Rc1
Rf8 16. Nce2 a6 17. b3 g5 18. d4 exf4 19. gxf4 d5 20. cxd5 Bxd5 21. Nc3 Bxg2
22. Kxg2 gxf4 23. Bf2 f3+ 24. Kh1 Qg6 25. Nxf3 Rxf3 26. Ne4 Rxh3# 0-1

[Event "Open B Carnevale"]
[Site "Milano ITA"]
[Date "2015.02.18"]
[Round "1"]
[White "Invernizzi, Ferruccio"]
[Black "Pasini, Nicolo'"]
[WhiteElo "1586"]
[BlackElo "1748"]
[Result "0-1"]
[PlyCount "100"]
[EventDate "2015.02.18"]

1. e4 c5 2. d4 cxd4 3. c3 dxc3 4. Nxc3 e6 5. Nf3 Bb4 6. Bd2 Nf6 7. e5 Bxc3 8.
Bxc3 Nd5 9. Bd2 O-O 10. Bc4 d6 11. Bxd5 exd5 12. O-O dxe5 13. Nxe5 Nc6 14. Bc3
Re8 15. Re1 d4 16. Nxc6 Rxe1+ 17. Qxe1 bxc6 18. Bxd4 Ba6 19. Rd1 Qg5 20. Bxa7
Bc4 21. Be3 Qg6 22. a3 Bd5 23. Qf1 h6 24. f3 Re8 25. Bd4 Qe6 26. Bc3 Qe3+ 27.
Qf2 Qg5 28. Qg3 Qe3+ 29. Qf2 Qg5 30. Rd4 h5 31. Qd2 Qg6 32. Qf4 Re6 33. Kf2 f6
34. a4 Qe8 35. a5 g5 36. Qd2 Qa8 37. Qd3 Kg7 38. a6 Rd6 39. b4 Qa7 40. Ke2 Qa8
41. Kd2 Rd8 42. Kc2 Rd6 43. h4 gxh4 44. Rxh4 Bb3+ 45. Kxb3 Rxd3 46. Rxh5 Qxa6
47. Ra5 Qb6 48. Kc4 Qe3 49. Ra3 Rd5 50. Rb3 Qd3# 0-1

[Event "Open B Carnevale"]
[Site "Milano ITA"]
[Date "2015.02.18"]
[Round "1"]
[White "Izzo, Riccardo"]
[Black "Zecchini, Diego"]
[WhiteElo "1683"]
[BlackElo "1530"]
[Result "1-0"]
[PlyCount "37"]
[EventDate "2015.02.18"]

1. d4 Nf6 2. Bg5 e6 3. Nf3 Be7 4. c4 d5 5. Nc3 Nbd7 6. e3 c5 7. cxd5 exd5 8.
dxc5 Bxc5 9. Bb5 O-O 10. O-O Qb6 11. Bxd7 Bxd7 12. Nxd5 Nxd5 13. Qxd5 Bc6 14.
Qf5 h6 15. Bh4 Rfe8 16. Ne5 f6 17. Bxf6 gxf6 18. Qg6+ Kf8 19. Qf7# 1-0

[Event "Open B Carnevale"]
[Site "Milano ITA"]
[Date "2015.02.18"]
[Round "1"]
[White "Meharunkar, Prabhav"]
[Black "Casamassima, Paolo"]
[WhiteElo "1530"]
[BlackElo "1683"]
[Result "0-1"]
[PlyCount "76"]
[EventDate "2015.02.18"]

1. e4 c5 2. Nf3 e6 3. Nc3 a6 4. d3 Nc6 5. Be2 Be7 6. Be3 d6 7. O-O Nf6 8. d4
cxd4 9. Nxd4 O-O 10. Re1 Qc7 11. Qd2 Ne5 12. Rad1 Nc4 13. Bxc4 Qxc4 14. Qd3 Qc7
15. Bg5 h6 16. Bh4 b5 17. a3 Bb7 18. f3 Rad8 19. Bg3 Nh5 20. Bf2 Nf4 21. Qe3
Ng6 22. Bg3 Bh4 23. Bxh4 Nxh4 24. e5 d5 25. Qf4 Ng6 26. Qg3 Qc5 27. a4 b4 28.
Nce2 Ne7 29. Nf4 Nf5 30. Qf2 Nxd4 31. Rxd4 Rc8 32. Re2 a5 33. Nd3 Qc6 34. Qg3
Qxa4 35. b3 Qa1+ 36. Kf2 Qxd4+ 37. Kf1 Ba6 38. Rd2 Rxc2 0-1